| 000 | 00000nam##2200000za#4500 |
| 001 | 9.651896 |
| 003 | CaOODSP |
| 005 | 20240209132417 |
| 007 | ta |
| 008 | 150407|2005||||xxc||||| f|0| 0 eng|d |
| 040 | |aCaOODSP|beng |
| 043 | |an-cn--- |
| 086 | 1 |aIu89-4/55-2005E |
| 110 | 2 |aAtlantic Canada Opportunities Agency. |
| 245 | 10|aGrowing technology business in Atlantic Canada : |bthe first Atlantic Regional Research Money Conference, October 6, 2005, Moncton, New Brunswick / |c[prepared by] Research Money Inc. |
| 246 | 1 |iAlternate title : |aThe first Atlantic Regional Research Money Conference - Growing technology business in Atlantic Canada in collaboration with the Atlantic Canada Opportunities Agency, October 6, 2005, Moncton, New Brunswick - Conference Proceedings |
| 260 | |aMoncton - New Brunswick : |bAtlantic Canada Opportunities Agency |c[2005]. |
| 300 | |a22p. ; |c28 cm. |
| 520 | 3 |aResearch Money Inc. organized the first Atlantic Research Money conference, which took place in Moncton on October 6, 2005. The theme of the conference was "Growing Technology-Based Business in Atlantic Canada". The one-day conference included regional, national and international speakers, a CEO panel, panels on technology financing and the roles of government and universities, and networking activities. |
| 563 | |aCerlox |
| 590 | |a10-06|b2010-02-12 |
| 690 | 07|aAtlantic provinces|2gcpds |
| 690 | 07|aBusiness development|2gcpds |
| 690 | 07|aTechnology|2gcpds |
| 775 | 08|tLa croissance de la technologie dans le monde des affaires au Canada atlantique : |w(CaOODSP)9.684894 |
| 776 | 0#|tGrowing technology business in Atlantic Canada : |w(CaOODSP)9.694084 |